000 00748nam a22001817a 4500
003 OSt
005 20260326152057.0
008 260326b |||||||| |||| 00| 0 eng d
040 _c0
082 _aDPer 907.9 J826 January-December 2016 v.62
100 _aCrossley, John N.
_eauthor.
_970223
245 _aDoctrina Christiana :
_bNational Treasure, World Treasure /
_cJohn N. Crossley.
260 _aUP, Diliman, Quezon City, Metro Manila, Philippines ;
_bThe Philippine National Historical Society, Inc. ,
_cJanuary-December 2016.
300 _avolume 62, pages 135-161 :
_billustration ;
_c24cm.
500 _aThe Journal of History, Vol. 62, Pages 135-161, January-December, 2016
700 _aCrossley, John N.
_eauthor.
_970223
942 _2ddc
_cPER
999 _c24503
_d24503